Handbook of practical logic and automated reasoning /

Guardado en:
Autor Principal: Harrison, J. 1966-
Formato: Libro
Idioma:English
Publicado: Cambridge ; New York : Cambridge University Press, 2009.
Materias:
Etiquetas: Agregar Etiqueta
Sin Etiquetas, Sea el primero en etiquetar este registro!
LEADER 00763cam a22002177a 4500
001 DCC.dcic001096
008 090831s2009####enka#####b####001#0#eng##
005 20151130154830.0
245 1 0 |a Handbook of practical logic and automated reasoning /  |c John Harrison. 
260 |a Cambridge ;  |a New York :  |b Cambridge University Press,  |c 2009. 
300 |a xix, 681 p. :  |b il. ;  |c 25 cm. 
504 |a Incluye referencias bibliográficas (p. 631-667) e índice. 
020 |a 9780521899574 (hbk.) 
100 1 |a Harrison, J.  |q (John),  |d 1966- 
082 0 4 |a 006.333  |2 22 
650 0 |a Computer logic. 
010 |a  2009281331 
016 7 |a 014821418  |2 Uk 
040 |a UKM  |c UKM  |d BTCTA  |d YDXCP  |d BWKUK  |d BWK  |d MUU  |d DLC 
050 0 0 |a QA76.9.L63  |b H375 2009 
859 |a DCIC  |b BIB. COMPUTACION  |p 2125